Indole alkaloids by Atta-ur-Rahman and Anwer Basha (Record no. 1214775)

MARC details
000 -LEADER
fixed length control field 01195nam a2200325Ia 4500
003 - CONTROL NUMBER IDENTIFIER
control field OSt
005 - DATE AND TIME OF LATEST TRANSACTION
control field 20221007125144.0
008 - FIXED-LENGTH DATA ELEMENTS--GENERAL INFORMATION
fixed length control field 221006b |||||||| |||| 00| 0 eng d
020 ## - INTERNATIONAL STANDARD BOOK NUMBER
International Standard Book Number 9057022680 (hbd)
-- 85.00
037 ## - SOURCE OF ACQUISITION
Terms of availability Textual
040 ## - CATALOGING SOURCE
Original cataloging agency CDL
Transcribing agency CDL
Language of cataloging eng
041 ## - LANGUAGE CODE
Source of code eng
Language code of text/sound track or separate title eng
100 ## - MAIN ENTRY--PERSONAL NAME
Personal name Atta-ur-Rahman
9 (RLIN) 721184
245 #0 - TITLE STATEMENT
Title Indole alkaloids by Atta-ur-Rahman and Anwer Basha
Remainder of title Basha Anwer
260 ## - PUBLICATION, DISTRIBUTION, ETC.
Place of publication, distribution, etc. Australia
Name of publisher, distributor, etc. Harwood Academic Publishers
Date of publication, distribution, etc. 1998
300 ## - PHYSICAL DESCRIPTION
Extent xix,324p
Dimensions cm.
490 ## - SERIES STATEMENT
Series statement Frontiers in natural product research; 2
500 ## - GENERAL NOTE
General note Includes bibliographical references; Index 322-324p; ^n23/CSL/Carc/98-99/6304^d1998-06-09^mPurchase; ; 98-99/93^b1998-07-14^c40064/6/98^d1998-06-24^eSelectbook Service Syndicate; ; 1998-08-16^bSB^c1998-08-18^dSB^r1998-09-24
650 ## - SUBJECT ADDED ENTRY--TOPICAL TERM
Topical term or geographic name entry element Alkaloids
9 (RLIN) 721630
650 ## - SUBJECT ADDED ENTRY--TOPICAL TERM
Topical term or geographic name entry element Natural products
9 (RLIN) 711396
650 ## - SUBJECT ADDED ENTRY--TOPICAL TERM
Topical term or geographic name entry element Synthesis
650 ## - SUBJECT ADDED ENTRY--TOPICAL TERM
Topical term or geographic name entry element Chemistry
700 ## - ADDED ENTRY--PERSONAL NAME
Personal name Basha Anwer
9 (RLIN) 721631
942 ## - ADDED ENTRY ELEMENTS (KOHA)
Classification part E92:4, N8
Koha item type Textual
Source of classification or shelving scheme Colon Classification (CC)
Holdings
Withdrawn status Lost status Source of classification or shelving scheme Damaged status Not for loan Home library Current library Date acquired Source of acquisition Total Checkouts Full call number Barcode Date last seen Price effective from Koha item type
    Colon Classification (CC)     Department of Chemistry Library Department of Chemistry Library 2022-10-07 Selectbook,   E92:4 N8 CD0006303 2022-10-07 2022-10-07 Textual
Copyright @ Delhi University Library System